Learning Cocoa with Objective-C, 4th Edition /

Get up to speed on Cocoa and Objective-C, and start developing applications on the iOS and OS X platforms. If you don't have experience with Apple's developer tools, no problem! From object-oriented programming to storing app data in iCloud, the fourth edition of this book covers everythin...

Full description

Bibliographic Details
Main Authors: Buttfield-Addison, Paris (Author), Manning, Jonathon (Author), Nugent, Tim (Author)
Corporate Author: Safari, an O'Reilly Media Company
Format: eBook
Language:English
Published: O'Reilly Media, Inc., 2014.
Edition:4th edition.
Subjects:
Online Access:Connect to this electronic resource

MARC

Tag First Indicator Second Indicator Subfields
LEADER 00000uam a2200000 a 4500
001 in00004250310
005 20260122215654.2
006 m o d
007 cr cn
008 190214s2014 xx o eng
020 |z 9781491901397 
035 |a (CaSebORM)9781491901380 
040 |d UtOrBLW 
041 0 |a eng 
100 1 |a Buttfield-Addison, Paris,  |e author.  |0 http://id.loc.gov/authorities/names/no2010193970 
245 1 0 |a Learning Cocoa with Objective-C, 4th Edition /  |c Buttfield-Addison, Paris. 
250 |a 4th edition. 
264 1 |b O'Reilly Media, Inc.,  |c 2014. 
300 |a 1 online resource (388 pages) 
336 |a text  |b txt  |2 rdacontent 
337 |a computer  |b c  |2 rdamedia 
338 |a online resource  |b cr  |2 rdacarrier 
347 |a text file 
520 |a Get up to speed on Cocoa and Objective-C, and start developing applications on the iOS and OS X platforms. If you don't have experience with Apple's developer tools, no problem! From object-oriented programming to storing app data in iCloud, the fourth edition of this book covers everything you need to build apps for the iPhone, iPad, and Mac. 
533 |a Electronic reproduction.  |b Boston, MA :  |c Safari,  |n Available via World Wide Web. 
538 |a Mode of access: World Wide Web. 
542 |f Copyright © O'Reilly Media, Inc. 
588 |a Online resource; Title from title page (viewed March 17, 2014) 
500 |a Electronic resource. 
655 7 |a Electronic books.  |2 local 
700 1 |a Manning, Jonathon,  |e author. 
700 1 |a Nugent, Tim,  |e author.  |0 http://id.loc.gov/authorities/names/no2014076313 
710 2 |a Safari, an O'Reilly Media Company. 
856 4 0 |u https://proxy.library.tamu.edu/login?url=https://go.oreilly.com/TAMU/library/view/-/9781491901380/?ar  |z Connect to this electronic resource  |t 0 
999 f f |s b8540882-1498-35d9-a115-35a6465bf6ff  |i 362a4cf8-a1cb-3b85-ad91-932998d9d77c  |t 0 
952 f f |a Texas A&M University  |b College Station  |c Electronic Resources  |s www_evans  |d Available Online  |t 0  |h No information provided 
998 f f |t 0  |l Available Online